Normal view
MARC view
- Prakash, Anand.
Entry Personal Name
001 - CONTROL NUMBER
- control field: 17681
003 - CONTROL NUMBER IDENTIFIER
- control field: OSt
005 - DATE AND TIME OF LATEST TRANSACTION
- control field: 20161121084227.0
008 - FIXED-LENGTH DATA ELEMENTS
- fixed length control field: 161121|| aca||aabn | a|a d
040 ## - CATALOGING SOURCE
- Original cataloging agency: OSt
100 ## - HEADING--PERSONAL NAME
- Personal name: Prakash, Anand.
- Relator term: author.
